Common core suite : implementation and pacing guide : english language arts 8 (Record no. 283959)
[ view plain ]
| 000 -LEADER | |
|---|---|
| fixed length control field | 00568nam a22001457a 4500 |
| 005 - DATE AND TIME OF LATEST TRANSACTION | |
| control field | 20150511152833.0 |
| 008 - FIXED-LENGTH DATA ELEMENTS--GENERAL INFORMATION | |
| fixed length control field | 150511b xxu||||| |||| 00| 0 eng d |
| 020 ## - INTERNATIONAL STANDARD BOOK NUMBER | |
| International Standard Book Number | 9781629289212 |
| 050 ## - LIBRARY OF CONGRESS CALL NUMBER | |
| Classification number | PE 1408.ELA8 C734.IPG 2015 |
| 110 ## - MAIN ENTRY--CORPORATE NAME | |
| Corporate name or jurisdiction name as entry element | Common Core Coach |
| 245 ## - TITLE STATEMENT | |
| Title | Common core suite : implementation and pacing guide : english language arts 8 |
| 260 ## - PUBLICATION, DISTRIBUTION, ETC. (IMPRINT) | |
| Place of publication, distribution, etc | New York |
| Name of publisher, distributor, etc | Triumph Learning |
| Date of publication, distribution, etc | 2015 |
| 300 ## - PHYSICAL DESCRIPTION | |
| Extent | ii, xvi, 33 pages., |
| Other physical details | color illustrations., |
| Dimensions | ; 21 x 27 cm. |
| Accompanying material | Teacher's Guide |
| 942 ## - ADDED ENTRY ELEMENTS (KOHA) | |
| Source of classification or shelving scheme | Library of Congress Classification |
| Item type | Books |
| Classification part | PE 1408.ELA8 C734.IPG 2015 |
| Withdrawn status | Lost status | Source of classification or shelving scheme | Damaged status | Home library | Current library | Shelving location | Date acquired | Total Checkouts | Total Renewals | Full call number | Barcode | Date last seen | Date last borrowed | Price effective from | Koha item type |
|---|---|---|---|---|---|---|---|---|---|---|---|---|---|---|---|
| Library of Congress Classification | Luxembourg Library | Luxembourg Library | Teachers Reference Section | 05/11/2015 | 1 | 2 | PE 1408.ELA8 C734.IPG 2015 | 19964 | 06/18/2015 | 05/18/2015 | 05/11/2015 | Books | |||
| Library of Congress Classification | Luxembourg Library | Luxembourg Library | Teachers Reference Section | 06/03/2015 | PE 1408.ELA8 C734.IPG 2015 | 19963 | 06/03/2015 | 06/03/2015 | Books | ||||||
| Library of Congress Classification | Luxembourg Library | Luxembourg Library | Teachers Reference Section | 06/03/2015 | 1 | 1 | PE 1408.ELA8 C734.IPG 2015 | 19965 | 09/04/2017 | 05/16/2017 | 06/03/2015 | Books |